[Event "Titled Tue 26th Aug Early"]
[Site "chess.com INT"]
[Date "2025.08.26"]
[Round "8"]
[White "Raghav V"]
[Black "Gubajdullin, Alexei"]
[Result "0-1"]
[WhiteTitle "FM"]
[BlackTitle "FM"]
[WhiteElo "2343"]
[BlackElo "2228"]
[WhiteFideId "25922475"]
[BlackFideId "4141202"]
[EventDate "2025.08.26"]

1. c4 Nf6 2. Nc3 g6 3. e4 d6 4. d4 Bg7 5. f4 O-O 6. Nf3 Na6 7. Be2 c5 8. d5 Bg4
9. O-O e6 10. h3 Bxf3 11. Bxf3 exd5 12. cxd5 Nd7 13. Be3 Rb8 14. a4 Nb4 15. Qd2
a6 16. a5 b5 17. axb6 Nxb6 18. Be2 Re8 19. Rfd1 Qc7 20. Rac1 f5 21. exf5 gxf5
22. Bf2 Qd7 23. Bh5 Rf8 24. Bf3 c4 25. Be2 a5 26. Bxb6 Rxb6 27. Bxc4 Rfb8 28.
Rb1 a4 29. Be2 Qa7 30. Kh2 a3 31. bxa3 Qxa3 32. Rdc1 Qa5 33. Nd1 Qa4 34. Ne3 Na2
35. Rc4 Qa7 36. Rxb6 Qxb6 37. Nxf5 Qf2 38. Nxg7 Rb1 39. Rc1 Nxc1 40. Qc3 Qg1+
41. Kg3 Nxe2+ 0-1

[Event "Titled Tue 26th Aug Early"]
[Site "chess.com INT"]
[Date "2025.08.26"]
[Round "8"]
[White "Gibala, Adam"]
[Black "Morozov, Egor"]
[Result "1-0"]
[WhiteTitle "FM"]
[BlackTitle "FM"]
[WhiteElo "2300"]
[BlackElo "2291"]
[WhiteFideId "21070288"]
[BlackFideId "24102121"]
[EventDate "2025.08.26"]

1. c4 Nf6 2. Nf3 g6 3. Nc3 Bg7 4. e4 d6 5. d4 O-O 6. Be2 e5 7. Be3 Ng4 8. Bg5 f6
9. Bh4 Nc6 10. O-O h5 11. d5 Ne7 12. h3 Nh6 13. b4 g5 14. Bg3 Ng6 15. Nd2 h4 16.
Bh2 f5 17. c5 Nf4 18. exf5 Nxf5 19. Nce4 Nd4 20. Bg4 Nxd5 21. Bxc8 Rxc8 22. Nc4
b5 23. Ne3 Nxe3 24. fxe3 Nf5 25. cxd6 cxd6 26. Qb3+ Kh8 27. Kh1 Rc4 28. Nd2 d5
29. Rad1 Qb6 30. e4 Ne3 31. Rxf8+ Bxf8 32. Bg1 d4 33. Bxe3 dxe3 34. Nxc4 bxc4
35. Qxc4 Bxb4 36. Rb1 a5 37. a3 Qd4 38. Qc8+ Kg7 39. Qb7+ Kg6 40. axb4 e2 41.
Qa6+ Kh7 42. Qxe2 axb4 43. Qb2 Qxe4 44. Qxb4 Qe3 45. Qe7+ Kh6 46. Rd1 Kg6 47.
Qe6+ Kh5 48. Qg4+ Kg6 49. Rd6+ Kf7 50. Qd7+ Kf8 51. Qc8+ Ke7 52. Qc7+ 1-0

[Event "Titled Tue 26th Aug Early"]
[Site "chess.com INT"]
[Date "2025.08.26"]
[Round "8"]
[White "Dicen, Elis Denele"]
[Black "Belov, Alexei"]
[Result "0-1"]
[WhiteTitle "WFM"]
[BlackTitle "IM"]
[WhiteElo "2069"]
[BlackElo "2421"]
[WhiteFideId "462560"]
[BlackFideId "4128206"]
[EventDate "2025.08.26"]

1. e4 e6 2. d3 d5 3. Nf3 Nf6 4. Qe2 c5 5. Nbd2 Nc6 6. g3 Be7 7. Bg2 O-O 8. O-O
Qc7 9. e5 Nd7 10. Re1 b5 11. Nf1 a5 12. Bf4 b4 13. h4 Bb7 14. N1h2 a4 15. h5 b3
16. c3 h6 17. Ng4 Rfd8 18. Qd2 Bf8 19. a3 Kh7 20. Rad1 d4 21. c4 Ne7 22. Nh4
Bxg2 23. Kxg2 Nf5 24. Nxf5 exf5 25. Nh2 Ra6 26. Nf3 Re6 27. Re2 Qc6 28. Rde1
Rde8 29. Qa5 g5 30. hxg6+ fxg6 31. Qb5 g5 32. Qxc6 Rxc6 33. Bd2 Rce6 34. Rh1 Kg6
35. Ne1 Rxe5 36. Rxe5 Nxe5 37. f4 Ng4 38. Kf3 Bd6 39. Ng2 Re6 40. Re1 Rxe1 41.
Bxe1 Nh2+ 42. Kf2 Kh5 43. Bd2 Kg4 44. Ne1 gxf4 45. gxf4 Bxf4 46. Bxf4 Kxf4 47.
Ng2+ Kg4 48. Ne1 h5 49. Kg2 Kf4 50. Kxh2 Ke3 51. Kg2 Ke2 52. Nf3 Kxd3 53. Ne5+
Kc2 54. Kf3 h4 55. Ke2 h3 0-1

[Event "Titled Tue 26th Aug Early"]
[Site "chess.com INT"]
[Date "2025.08.26"]
[Round "8"]
[White "Mullodzhanov, Nathaniel"]
[Black "Vlassov, Nikolai"]
[Result "0-1"]
[BlackTitle "IM"]
[WhiteElo "2120"]
[BlackElo "2301"]
[WhiteFideId "30961580"]
[BlackFideId "4103360"]
[EventDate "2025.08.26"]

1. e4 Nc6 2. d4 d5 3. e5 h5 4. c3 Bg4 5. Qc2 Qd7 6. Bd3 g6 7. Ne2 O-O-O 8. b4
Nh6 9. b5 Na5 10. Qa4 b6 11. Nd2 Kb8 12. Nb3 Nb7 13. Bg5 Bf5 14. Nf4 Bxd3 15.
Nxd3 Qf5 16. Nb4 Qxg5 17. Nc6+ Kc8 18. O-O Kd7 19. Qxa7 Ng4 20. Qxb7 Bh6 21. e6+
fxe6 22. Nxd8 Rxd8 23. Qc6+ Kc8 24. Nc5 bxc5 25. b6 Qf4 26. g3 Qd6 27. b7+ Kb8
28. Qa4 Kxb7 29. Rab1+ Kc8 30. Rb2 c6 31. Qa8+ Kd7 32. Qa7+ Ke8 33. dxc5 Qe5 34.
Qb7 Kf7 35. Qxc6 Qxc3 36. Re2 Ne5 37. Qc7 Nf3+ 38. Kg2 Rd7 39. Qxd7 Nd4 40. Re5
Qf3+ 41. Kg1 h4 42. Qa4 h3 0-1

[Event "Titled Tue 26th Aug Early"]
[Site "chess.com INT"]
[Date "2025.08.26"]
[Round "8"]
[White "Alazmi, Amani"]
[Black "Ono, David"]
[Result "0-1"]
[WhiteTitle "WCM"]
[WhiteElo "1745"]
[BlackElo "2110"]
[WhiteFideId "10303553"]
[BlackFideId "146943"]
[EventDate "2025.08.26"]

1. c4 c5 2. Nf3 Nf6 3. g3 Nc6 4. Bg2 g6 5. O-O Bg7 6. Nc3 d6 7. e4 h5 8. h4 Bg4
9. Qa4 O-O 10. d3 a6 11. Be3 Qd7 12. Ng5 Nb4 13. Qb3 Nxd3 14. f3 Be6 15. Nxe6
Qxe6 16. Rad1 Ne5 17. Nd5 Nxd5 18. cxd5 Qd7 19. Bf4 c4 20. Qc2 Nd3 21. Rxd3 cxd3
22. Qxd3 Qb5 23. Qd1 Qxb2 24. Kh2 Qxa2 25. Be3 Rfc8 26. Rf2 Qa3 27. Bd4 Bxd4 28.
Qxd4 Qc3 29. Qa4 b5 30. Qa2 Qc4 31. Qd2 Qc1 32. Qd4 Qc3 33. Qd1 Qe3 34. Rf1 Rc3
35. Re1 Qd3 36. Qa1 b4 37. Rd1 Qe2 38. Re1 Qf2 39. Rf1 Qc5 40. Qd1 b3 41. Qd2
Qe3 42. Qd1 b2 43. Qb1 Rb8 44. Re1 Qd2 45. Rd1 Qc2 46. Qxc2 Rxc2 47. Rb1 Rc1 48.
Rxb2 Rxb2 49. Kh3 Rcc2 50. Bf1 Rh2# 0-1

[Event "Titled Tue 26th Aug Early"]
[Site "chess.com INT"]
[Date "2025.08.26"]
[Round "8"]
[White "Kosakowski, Jakub"]
[Black "Rosen, Eric"]
[Result "1/2-1/2"]
[WhiteTitle "GM"]
[BlackTitle "IM"]
[WhiteElo "2542"]
[BlackElo "2377"]
[WhiteFideId "1185080"]
[BlackFideId "2032562"]
[EventDate "2025.08.26"]

1. d4 d5 2. Nf3 Nf6 3. Bf4 c5 4. e3 Nc6 5. Nbd2 cxd4 6. exd4 a6 7. c3 Bf5 8. Be2
h6 9. O-O e6 10. Re1 Bd6 11. Bxd6 Qxd6 12. Nb3 O-O 13. Nc5 Rab8 14. h3 Ne4 15.
Nd3 Rfc8 16. a4 b5 17. axb5 axb5 18. Nde5 Nxe5 19. Nxe5 b4 20. c4 dxc4 21. Nxc4
Qd8 22. Ne3 Bg6 23. d5 Qf6 24. Bf3 Qxb2 25. Bxe4 Bxe4 26. dxe6 fxe6 27. Qg4 Bf5
28. Nxf5 exf5 29. Qxf5 Rf8 30. Qd5+ Kh8 31. Ra2 Qc3 32. Rb1 Rfd8 33. Qh5 Rd2 34.
Rxd2 Qxd2 35. Qe5 Rf8 36. Rb2 Qc3 37. Qd6 Qxb2 38. Qxf8+ Kh7 39. Qf5+ Kg8 40.
Qd5+ Kf8 41. Qd8+ Kf7 42. Qd7+ Kf6 43. Qd6+ Kf7 44. Qd7+ Kg6 45. Qd3+ Kg5 46.
Qd5+ Kf6 47. Qd6+ Kf7 48. Qd7+ 1/2-1/2

[Event "Titled Tue 26th Aug Early"]
[Site "chess.com INT"]
[Date "2025.08.26"]
[Round "8"]
[White "Sai, Han Thiha"]
[Black "Dishman, Stephen"]
[Result "1-0"]
[WhiteTitle "FM"]
[BlackTitle "FM"]
[WhiteElo "2117"]
[BlackElo "2254"]
[WhiteFideId "13012290"]
[BlackFideId "403024"]
[EventDate "2025.08.26"]

1. Nf3 d5 2. g3 g6 3. Bg2 Bg7 4. O-O e5 5. d3 Nc6 6. c4 dxc4 7. dxc4 Qxd1 8.
Rxd1 e4 9. Ne1 f5 10. f3 exf3 11. Nxf3 Be6 12. Na3 a6 13. Ng5 Bd7 14. Nf7 Nf6
15. Nxh8 Bxh8 16. Bf4 Ng4 17. Nc2 Rc8 18. e4 Be6 19. exf5 gxf5 20. Bd5 Kf7 21.
Re1 Bxd5 22. cxd5 Nd4 23. Nxd4 Bxd4+ 24. Kg2 Rd8 25. Bxc7 Rxd5 26. Rad1 Rc5 27.
Rxd4 Rxc7 28. Rd2 Kf6 29. h3 Ne5 30. Rd6+ Ke7 31. Rd5 Rc2+ 32. Kg1 Kf6 33. Rexe5
Rxb2 34. Rxf5+ Ke6 35. a4 Ra2 36. a5 Ra1+ 37. Kf2 Ra2+ 38. Kf3 Ra3+ 39. Kg4 Ra4+
40. Kh5 Rb4 41. Rde5+ Kd6 42. g4 Rb3 43. h4 Rb4 44. Rg5 Rc4 45. Ref5 Ke6 46. Rg7
Rc6 47. Rxh7 Rd6 48. Rh6+ Ke7 49. Rxd6 Kxd6 50. Kg6 1-0

[Event "Titled Tue 26th Aug Early"]
[Site "chess.com INT"]
[Date "2025.08.26"]
[Round "8"]
[White "Naroditsky, Daniel"]
[Black "Mamedov, Edgar"]
[Result "0-1"]
[WhiteTitle "GM"]
[BlackTitle "GM"]
[WhiteElo "2619"]
[BlackElo "2490"]
[WhiteFideId "2026961"]
[BlackFideId "13739980"]
[EventDate "2025.08.26"]

1. e4 e5 2. Nf3 Nc6 3. Nc3 Nf6 4. Nd5 Nxd5 5. exd5 Nd4 6. Nxd4 exd4 7. Qe2+ Qe7
8. b3 b6 9. Bb2 Bb7 10. Qxe7+ Kxe7 11. Bxd4 Bxd5 12. O-O-O f6 13. f3 Kf7 14. Re1
Bd6 15. Bd3 h5 16. h4 Rae8 17. Bf2 Bf4 18. c4 Bb7 19. Kc2 d5 20. c5 Be5 21. Bb5
c6 22. Bd3 b5 23. Bf5 Bc8 24. Bxc8 Rxc8 25. d4 Bc7 26. Re2 Rce8 27. Rhe1 Rxe2+
28. Rxe2 Rg8 29. g4 Rh8 30. Re1 g5 31. hxg5 hxg4 32. gxf6 Rh2 33. Re7+ Kxf6 34.
Rxc7 Rxf2+ 35. Kd3 g3 36. Rxc6+ Kf5 37. Rc8 g2 38. Rg8 Kf4 39. c6 Rxf3+ 40. Kc2
Rg3 41. Rxg3 Kxg3 42. c7 g1=Q 43. c8=Q Qxd4 44. Qb8+ Kf3 45. Qxb5 Ke3 46. b4
Qd2+ 47. Kb3 Qd3+ 48. Qxd3+ Kxd3 49. b5 d4 50. a4 Ke3 51. b6 axb6 0-1

[Event "Titled Tue 26th Aug Early"]
[Site "chess.com INT"]
[Date "2025.08.26"]
[Round "8"]
[White "Karamsetty, Jeevan"]
[Black "Nurgaliyev, Sauat"]
[Result "1-0"]
[WhiteTitle "FM"]
[BlackTitle "IM"]
[WhiteElo "2244"]
[BlackElo "2410"]
[WhiteFideId "2025337"]
[BlackFideId "13726285"]
[EventDate "2025.08.26"]

1. e4 c5 2. Nc3 d6 3. g3 g6 4. Bg2 Bg7 5. d3 Nc6 6. Be3 e6 7. Qd2 h6 8. f4 Nge7
9. Nf3 Nd4 10. O-O Nec6 11. Ne2 Nxe2+ 12. Qxe2 Bxb2 13. Rab1 Bg7 14. f5 exf5 15.
exf5 O-O 16. fxg6 fxg6 17. Nh4 Rxf1+ 18. Rxf1 Ne5 19. Bf4 Bg4 20. Bd5+ Kh7 21.
Qe4 Bh5 22. Bxe5 dxe5 23. Bf7 Qg5 24. Qxb7 Rd8 25. Bd5 Qe3+ 26. Kg2 Kh8 27. Rf7
Qe2+ 28. Rf2 Qe3 29. Be4 Qg5 30. Rf7 Qd2+ 31. Kh3 Qe2 32. Bf3 Qf1+ 33. Bg2 Qe2
34. Bf3 Qf1+ 35. Ng2 Bxf3 36. Rxf3 Qd1 37. Qf7 Qxc2 38. Nh4 Qd1 39. Nxg6+ Kh7
40. Nh4 e4 41. Nf5 Rg8 42. dxe4 1-0

[Event "Titled Tue 26th Aug Early"]
[Site "chess.com INT"]
[Date "2025.08.26"]
[Round "8"]
[White "Gavilan Diaz, Mario"]
[Black "Torres Rebolledo, Alvaro"]
[Result "0-1"]
[WhiteTitle "FM"]
[BlackTitle "FM"]
[WhiteElo "2195"]
[BlackElo "2327"]
[WhiteFideId "2260905"]
[BlackFideId "54587670"]
[EventDate "2025.08.26"]

1. d4 b6 2. c4 Bb7 3. Nc3 e6 4. a3 f5 5. Nf3 Be7 6. d5 Nf6 7. g3 O-O 8. Bg2 a5
9. O-O Na6 10. Nd4 Nc5 11. b3 g6 12. dxe6 Bxg2 13. Kxg2 dxe6 14. Nc6 Qe8 15.
Nxe7+ Qxe7 16. Bg5 Qf7 17. Qc2 Nce4 18. Nxe4 Nxe4 19. Bf4 Qg7 20. f3 Nc5 21.
Rad1 Rad8 22. b4 Nb7 23. c5 e5 24. Be3 bxc5 25. bxc5 c6 26. Qb3+ Qf7 27. Qb6 Rc8
28. Rb1 Nd8 29. Rfd1 Ne6 30. Rd6 f4 31. Bf2 e4 32. g4 e3 33. Be1 h5 34. h3 hxg4
35. hxg4 Ng5 36. Rxc6 Rxc6 37. Qxc6 Qh7 38. Kg1 Nh3+ 39. Kf1 Nf2 40. Bxf2 Qh3+
41. Ke1 Qh1+ 42. Bg1 Qxg1# 0-1

[Event "Titled Tue 26th Aug Early"]
[Site "chess.com INT"]
[Date "2025.08.26"]
[Round "8"]
[White "Grischuk, Alexander"]
[Black "Le, Tuan Minh"]
[Result "0-1"]
[WhiteTitle "GM"]
[BlackTitle "GM"]
[WhiteElo "2667"]
[BlackElo "2598"]
[WhiteFideId "4126025"]
[BlackFideId "12401153"]
[EventDate "2025.08.26"]

1. e4 e5 2. Nf3 Nc6 3. Bb5 a6 4. Ba4 Bc5 5. c3 Nge7 6. O-O Ng6 7. d4 Ba7 8. Bxc6
dxc6 9. Nxe5 Nxe5 10. dxe5 Qe7 11. Qf3 Qxe5 12. Bf4 Qe7 13. Qg3 O-O 14. Nd2 Bb6
15. Rfe1 Be6 16. Nf3 Rad8 17. Nd4 Rfe8 18. h4 Rd7 19. h5 f6 20. Re3 Qf7 21. Qh4
Bxd4 22. cxd4 Rxd4 23. Rae1 Bxa2 24. Qh2 h6 25. Bxc7 f5 26. Be5 Rxe4 27. Rxe4
fxe4 28. Rxe4 Qf5 29. f3 Bd5 30. Re1 Bf7 31. Qg3 Qg5 32. Qxg5 hxg5 33. g4 Bd5
34. Kf2 a5 35. Re3 a4 36. Bd4 Rf8 37. Kg3 Rf7 38. Re8+ Kh7 39. Re3 b5 40. Bc5
Rb7 41. Be7 b4 42. Bxg5 a3 43. bxa3 b3 44. h6 b2 45. hxg7 b1=Q 0-1

[Event "Titled Tue 26th Aug Early"]
[Site "chess.com INT"]
[Date "2025.08.26"]
[Round "8"]
[White "Siva Kumar, Nirish Kumar"]
[Black "Newansa, M Esandi"]
[Result "0-1"]
[WhiteTitle "FM"]
[BlackTitle "WFM"]
[WhiteElo "2214"]
[BlackElo "1951"]
[WhiteFideId "35820802"]
[BlackFideId "9999060"]
[EventDate "2025.08.26"]

1. e4 c6 2. d4 d5 3. e5 Bf5 4. h4 h5 5. c4 e6 6. Nc3 Nd7 7. cxd5 exd5 8. Bd3
Bxd3 9. Qxd3 g6 10. Bg5 Be7 11. Nf3 Bxg5 12. Nxg5 Qe7 13. O-O-O O-O-O 14. Kb1
Nh6 15. Rc1 Kb8 16. Rhe1 Nf5 17. e6 fxe6 18. Rxe6 Qg7 19. Ne2 Rhe8 20. g3 Nf8
21. Re5 Rxe5 22. dxe5 Qxe5 23. Nf7 Qe7 24. Nxd8 Qxd8 25. Nd4 Nd6 26. Qf3 Nd7 27.
Qf4 Qe7 28. Rxc6 Ne5 29. Rc1 Nd3 30. Qh6 Nxc1 31. Qxc1 Qe4+ 32. Nc2 Nb5 33. Qe3
Kc7 34. Kc1 Kd6 35. Kd2 Qf5 36. a4 Nc7 37. Nd4 Qe5 38. Qd3 a6 39. f4 Qe4 40. Nf3
Ne6 41. Ne5 Qg2+ 42. Kc1 Qg1+ 43. Kd2 Qf2+ 44. Qe2 Qxg3 45. Nf7+ Ke7 46. Ng5
Qxf4+ 47. Kd1 Qg4 48. Qxg4 hxg4 0-1

[Event "Titled Tue 26th Aug Early"]
[Site "chess.com INT"]
[Date "2025.08.26"]
[Round "8"]
[White "Pournami S"]
[Black "Duarte Cramer, Lily Jeanette"]
[Result "0-1"]
[WhiteTitle "WCM"]
[BlackTitle "WCM"]
[WhiteElo "1753"]
[BlackElo "1904"]
[WhiteFideId "25732439"]
[BlackFideId "29620180"]
[EventDate "2025.08.26"]

1. e4 c5 2. Nf3 d6 3. d4 cxd4 4. Nxd4 Nf6 5. Nc3 a6 6. Bg5 e6 7. f4 Be7 8. Qf3
Qc7 9. O-O-O Nbd7 10. g4 h6 11. Bxf6 Bxf6 12. h4 Bxd4 13. Rxd4 Nb6 14. f5 Bd7
15. Be2 O-O-O 16. Rhd1 Bc6 17. Qg3 d5 18. e5 Rhe8 19. Bd3 Kb8 20. Re1 Nd7 21.
Bf1 Qb6 22. Rd2 Nc5 23. f6 g6 24. Qf2 Nd7 25. Qxb6 Nxb6 26. Ne2 Nc4 27. Rd3 Nxe5
28. Nd4 Nxd3+ 29. Bxd3 e5 30. Nxc6+ bxc6 31. Bxa6 Kc7 32. c3 Ra8 33. Bd3 Rxa2
34. Kb1 Ra4 35. Rg1 e4 36. Be2 e3 37. g5 hxg5 38. hxg5 Rf4 39. Kc2 Re5 40. Kd3
Rff5 41. Rh1 Rxg5 42. Rh7 Rgf5 43. Rxf7+ Kb6 44. Bg4 Rf4 45. Be2 g5 46. Rg7 Rxf6
47. b4 Rf2 48. Rg8 Kc7 49. Rg7+ Kb6 50. Rg6 Rf8 51. Kd4 Re4+ 52. Kd3 Rf5 53. Rg8
Ree5 54. Rg6 Rf4 55. Kc2 Ref5 56. b5 Rf6 0-1

[Event "Titled Tue 26th Aug Early"]
[Site "chess.com INT"]
[Date "2025.08.26"]
[Round "8"]
[White "Bluebaum, Matthias"]
[Black "Smirnov, Mark"]
[Result "1-0"]
[WhiteTitle "GM"]
[BlackTitle "FM"]
[WhiteElo "2660"]
[BlackElo "2359"]
[WhiteFideId "24651516"]
[BlackFideId "13764594"]
[EventDate "2025.08.26"]

1. d4 d5 2. c4 e6 3. Nc3 Nf6 4. cxd5 exd5 5. Bg5 Bb4 6. Qb3 Nc6 7. e3 Be6 8. Bb5
a5 9. a3 Be7 10. Nf3 O-O 11. O-O Ne4 12. Bxe7 Nxe7 13. Bd3 Nd6 14. Qc2 g6 15. b4
axb4 16. axb4 c6 17. b5 Bf5 18. Bxf5 Nexf5 19. bxc6 bxc6 20. Ne5 Ne7 21. Ne2 Qc7
22. h3 Rfb8 23. Rxa8 Rxa8 24. Rc1 Ne4 25. Nf4 Ra6 26. Nxd5 Nxd5 27. Qxe4 Qe7 28.
Qf3 Qe6 29. Qg4 Qxg4 30. hxg4 Ne7 31. g5 Kg7 32. Rb1 Ra7 33. Rb6 Rc7 34. Nd3 Nd5
35. Rb8 Rd7 36. Nc5 Rd6 37. Kh2 h6 38. gxh6+ Kxh6 39. Rb7 Kg7 40. Nd3 Kg8 41.
Ne5 Rf6 42. Kg3 Rf5 43. Rb8+ Kg7 44. Rc8 Nf6 45. f3 c5 46. Rxc5 Nh5+ 47. Kf2 Nf6
48. g4 Ne4+ 49. Ke2 Nxc5 50. gxf5 Na4 51. fxg6 fxg6 52. Kd3 Kf6 53. Ng4+ Kf5 54.
d5 Nc5+ 55. Kd4 Nb3+ 56. Kc3 Nc1 57. e4+ Kg5 58. d6 Ne2+ 59. Kc4 Nf4 60. d7 Ne6
61. Kd5 Nd8 62. Ke5 Nc6+ 63. Kd6 Nd8 64. Ne5 Kf6 65. Nc6 Nf7+ 66. Kd5 1-0

[Event "Titled Tue 26th Aug Early"]
[Site "chess.com INT"]
[Date "2025.08.26"]
[Round "8"]
[White "Ejsymont, Blanka"]
[Black "Nandish V S"]
[Result "0-1"]
[WhiteTitle "WCM"]
[BlackTitle "CM"]
[WhiteElo "2071"]
[BlackElo "2251"]
[WhiteFideId "21088268"]
[BlackFideId "45084297"]
[EventDate "2025.08.26"]

1. Nf3 d5 2. g3 Nf6 3. Bg2 g6 4. O-O Bg7 5. d3 O-O 6. c4 c5 7. Nbd2 Nc6 8. Rb1
h6 9. a3 a5 10. b3 Be6 11. Bb2 Qd7 12. Ne5 Nxe5 13. Bxe5 Rfd8 14. Bxf6 Bxf6 15.
cxd5 Bxd5 16. Nc4 Bxg2 17. Kxg2 Kg7 18. Qc2 h5 19. e4 Qe6 20. a4 h4 21. f4 Bd4
22. f5 Qc6 23. Qe2 Rh8 24. fxg6 fxg6 25. Qg4 hxg3 26. hxg3 Rad8 27. Nxa5 Qb6 28.
Nc4 Qb4 29. Qe6 Bf6 30. e5 Rdf8 31. exf6+ exf6 32. Qe7+ Rf7 33. Qd6 Qc3 34. Rbe1
Qc2+ 35. Kf3 Rh2 36. Ne3 Qc3 37. Re2 Rh5 38. Kg2 Re5 39. Qb6 Qd4 40. Rf3 Qxd3
41. Qb5 Qe4 42. Qc4 Qc6 43. Kf2 Re4 44. Qd3 Re5 45. Qc3 Rh5 0-1

[Event "Titled Tue 26th Aug Early"]
[Site "chess.com INT"]
[Date "2025.08.26"]
[Round "8"]
[White "Klukin, Kirill"]
[Black "Terry, Renato"]
[Result "0-1"]
[WhiteTitle "IM"]
[BlackTitle "IM"]
[WhiteElo "2401"]
[BlackElo "2508"]
[WhiteFideId "24199273"]
[BlackFideId "3803457"]
[EventDate "2025.08.26"]

1. d4 e6 2. Nf3 Nf6 3. e3 b6 4. Bd3 Bb7 5. O-O d6 6. b3 Nbd7 7. Bb2 Qe7 8. Qe2
a6 9. c4 e5 10. e4 g6 11. Nc3 c6 12. Ba3 Qd8 13. Rad1 Qc7 14. Rd2 Bh6 15. Rdd1
Bf8 16. Rd2 c5 17. dxe5 dxe5 18. Nd5 Nxd5 19. cxd5 b5 20. Bb2 Bd6 21. Rc2 O-O
22. a4 bxa4 23. bxa4 Rfb8 24. Nd2 Nb6 25. a5 Na4 26. Ba1 Qxa5 27. Ra2 Qb4 28.
Nc4 Bf8 29. Bxe5 Nc3 30. Qf3 Bg7 31. Rb2 Qxb2 32. Nxb2 Bxe5 33. Nc4 Bd4 34. Nd6
f6 35. h4 Bc8 36. h5 Kg7 37. hxg6 hxg6 38. Ne8+ Kf7 39. Nxf6 Rb2 40. Ng4+ Kg7
41. e5 Bf5 42. Re1 Rf8 43. Bxf5 Rxf5 44. Qg3 Ne2+ 45. Rxe2 Rxe2 46. Ne3 Re1+ 47.
Nf1 Bxf2+ 48. Qxf2 Rxf2 49. Kxf2 Rxe5 0-1

[Event "Titled Tue 26th Aug Early"]
[Site "chess.com INT"]
[Date "2025.08.26"]
[Round "8"]
[White "Omariev, Maksim"]
[Black "Dreelinck, Jacob"]
[Result "0-1"]
[WhiteTitle "FM"]
[BlackTitle "FM"]
[WhiteElo "2304"]
[BlackElo "2278"]
[WhiteFideId "4193423"]
[BlackFideId "250511"]
[EventDate "2025.08.26"]

1. g4 d5 2. Bg2 Bxg4 3. c4 e6 4. Qb3 c6 5. cxd5 exd5 6. Qxb7 Nd7 7. d4 Bd6 8.
Nc3 Ne7 9. h3 Bf5 10. Nf3 O-O 11. Qa6 Bc2 12. Bg5 f6 13. Bd2 Re8 14. h4 Qb8 15.
b3 Nb6 16. Rc1 Bf5 17. h5 Bg4 18. h6 g5 19. Kf1 Nf5 20. e3 Re7 21. Ne2 Qc7 22.
a4 Rae8 23. a5 Nc8 24. Rxc6 Qb8 25. Qd3 Re4 26. Nfg1 Qb7 27. Qa6 Qxb3 28. Bxe4
Qd1+ 29. Be1 Nce7 30. Rxd6 Nxd6 31. Qxd6 dxe4 32. d5 Nxd5 33. Qxd5+ Qxd5 34. Nd4
Bf3 35. Ngxf3 exf3 36. Rg1 Qxa5 37. Rg3 Qa6+ 38. Kg1 Qa1 39. Nxf3 Kf7 40. Kg2
Re4 41. Bd2 Rh4 42. Nxh4 gxh4 43. Rg7+ Ke6 44. e4 Qe5 45. Kf3 h3 46. Bf4 Qh5+
47. Kg3 h2 0-1

[Event "Titled Tue 26th Aug Early"]
[Site "chess.com INT"]
[Date "2025.08.26"]
[Round "8"]
[White "Brozynski, Patryk"]
[Black "Devaev, Alexander"]
[Result "0-1"]
[WhiteTitle "CM"]
[BlackTitle "FM"]
[WhiteElo "2121"]
[BlackElo "2306"]
[WhiteFideId "2512700"]
[BlackFideId "4169395"]
[EventDate "2025.08.26"]

1. d4 Nf6 2. Nf3 b5 3. e3 a6 4. Bd3 Bb7 5. O-O e6 6. Nbd2 d6 7. b3 Be7 8. Bb2
O-O 9. c4 b4 10. e4 c5 11. d5 e5 12. Ne1 a5 13. f4 Nbd7 14. f5 a4 15. g4 h6 16.
Ng2 Nh7 17. Nf3 Ng5 18. Nxg5 Bxg5 19. Qe1 axb3 20. h4 Rxa2 21. Rxa2 bxa2 22.
hxg5 Qxg5 23. Qe3 Nb6 24. Qxg5 hxg5 25. Ra1 b3 26. Ne3 Na4 27. Nd1 Ba6 28. Kf2
Rb8 29. Ke2 Rb4 30. Ba3 Rb8 31. Kd2 b2 32. Nxb2 Nxb2 33. Rxa2 Nxd3 34. Kxd3 Rb3+
35. Kc2 Rg3 36. Bxc5 Bxc4 37. Ra6 Bxa6 38. Bxd6 Rxg4 39. Bxe5 Rxe4 40. Bg3 Bb5
41. Kc3 Rc4+ 42. Kb3 g4 43. d6 Rd4 44. Kc3 Rd3+ 45. Kb4 Rxg3 46. Kxb5 Rd3 47.
Kc5 g3 48. f6 0-1

[Event "Titled Tue 26th Aug Early"]
[Site "chess.com INT"]
[Date "2025.08.26"]
[Round "8"]
[White "Herbrig, Alexander"]
[Black "Piesik, Piotr"]
[Result "0-1"]
[WhiteTitle "FM"]
[BlackTitle "IM"]
[WhiteElo "2292"]
[BlackElo "2427"]
[WhiteFideId "12952044"]
[BlackFideId "1136194"]
[EventDate "2025.08.26"]

1. d4 c5 2. d5 e5 3. dxe6 fxe6 4. e4 Nc6 5. Nc3 Nf6 6. Bg5 h6 7. Bh4 g5 8. Bg3
d5 9. exd5 exd5 10. Nb5 Kf7 11. Be2 Bf5 12. h4 g4 13. h5 a6 14. Nc3 d4 15. Bc4+
Kg7 16. Nce2 Bd6 17. Bd3 Ne4 18. Bxe4 Bxe4 19. Nf4 Bf5 20. Rh4 Bxf4 21. Rxg4+
Bxg4 22. Qxg4+ Bg5 23. f4 Re8+ 24. Kf1 Qc8 25. Qxc8 Raxc8 26. fxg5 hxg5 27. Nf3
Kh6 28. Kf2 Re4 29. Bd6 c4 30. g4 Rxg4 31. Re1 Kxh5 32. Nh2 Rd8 33. Nxg4 Rxd6
34. Kf3 Kg6 35. Rh1 Kf5 36. Re1 Re6 37. Rxe6 Kxe6 38. Ke4 b5 39. a3 Kd6 40. Nf6
a5 41. Ng4 Kc5 42. Nf6 b4 43. a4 d3 44. cxd3 c3 45. bxc3 b3 46. d4+ Kc4 47. Nd5
b2 48. Ne3+ Kb3 49. d5 Nd8 50. Kd4 b1=Q 51. d6 Qb2 52. Kd5 Qxc3 53. Nf5 Qd3+ 54.
Nd4+ Kc3 55. Kc5 Qxd4+ 56. Kb5 Qb4+ 57. Ka6 Qb7+ 58. Kxa5 Nc6# 0-1

[Event "Titled Tue 26th Aug Early"]
[Site "chess.com INT"]
[Date "2025.08.26"]
[Round "8"]
[White "Jasinski, Alexander"]
[Black "Gong, Qianyun"]
[Result "0-1"]
[BlackTitle "WGM"]
[WhiteElo "2063"]
[BlackElo "2229"]
[WhiteFideId "55627994"]
[BlackFideId "8602425"]
[EventDate "2025.08.26"]

1. e4 e5 2. Nf3 Nc6 3. Bb5 a6 4. Ba4 Nf6 5. O-O Be7 6. Re1 b5 7. Bb3 d6 8. a4 b4
9. d4 O-O 10. dxe5 Nxe5 11. Nxe5 dxe5 12. Qe2 a5 13. Rd1 Qe8 14. Nd2 Ba6 15. Bc4
Bb7 16. Bd3 Bc5 17. Nc4 Qe6 18. b3 Bd4 19. Bb2 Rfd8 20. Bxd4 Rxd4 21. f3 h6 22.
Rd2 Rad8 23. Nxa5 Ba6 24. Nc4 Bxc4 25. bxc4 Nh5 26. g3 c5 27. a5 Ra8 28. Rdd1
Qd6 29. Rdb1 Qc7 30. f4 Nf6 31. fxe5 Qxe5 32. Re1 Ra6 33. Qe3 Rd7 34. Rf1 Rda7
35. Rae1 Rxa5 36. Rf5 Qc3 37. e5 Ra1 38. Rff1 Ng4 39. Qe4 Rxe1 40. Rxe1 Qd2 41.
Qe2 Qxe2 42. Rxe2 h5 43. h3 Nh6 44. e6 fxe6 45. Rxe6 Kf7 46. Rc6 Ra5 47. Kg2 Ng8
48. Bg6+ Ke7 49. Bxh5 Nf6 50. Bg6 Kd7 0-1